00790nam a22002417a 4500003000900000005001700009008003600026020001500062040002200077082001600099100001800115245005100133260006900184300003000253490001900283500002400302830001900326942001200345945002700357952012200384956002500506999001700531DO-SdBNP20180214140029.0161031b 1990 sp a 00| 0 spa d a8424153359 aBPMSUbspacBPMSU axxxxbC236d1 aCapdevila, F.10aDonald... y la astronaútica /cF. Capdevila  aMadrid, España : bThe Walt Disney Company, bEverest, c1990. a48 p. : bil. ; c29 cm.  aWalt Disneyv6 aLibro de pasta dura 0aWalt Disneyn6 2ddccBK aInventariado, 2018/ YL 00102ddc40708CI-GaBPMETbBPMETd2017-10-23eSin sellarl0oxxxx C236dpBPMSU17100132r2017-10-23w2017-10-23yBK aYLOCKWARDb10cBPMSU c12679d12679